书目信息 |
| 题名: |
水生蔬菜丰产新技术
|
|
| 作者: | 柯卫东 , 王振忠 , 董文 主编 ;中国农村技术开发中心 编著 | |
| 分册: | ||
| 出版信息: | 北京 中国农业科学技术出版社 2015 |
|
| 页数: | 248页 | |
| 开本: | 15cm | |
| 丛书名: | 农村科技口袋书 | |
| 单 册: | ||
| 中图分类: | S645 | |
| 科图分类: | ||
| 主题词: | 水生蔬菜--Shui Sheng Shu Cai--栽培技术 | |
| 电子资源: | ||
| ISBN: | 978-7-5116-2361-4 | |
| 000 | 01133nam 2200313 450 | |
| 001 | 1672542715 | |
| 005 | 20160122085940.8 | |
| 010 | @a978-7-5116-2361-4@dCNY9.80 | |
| 100 | @a20160111d2015 em y0chiy0120 ea | |
| 101 | 0 | @achi |
| 102 | @aCN@b110000 | |
| 105 | @aa z 000yy | |
| 106 | @ar | |
| 200 | 1 | @a水生蔬菜丰产新技术@AShui Sheng Shu Cai Feng Chan Xin Ji Shu@f中国农村技术开发中心编著 |
| 210 | @a北京@c中国农业科学技术出版社@d2015 | |
| 215 | @a248页@c彩图@d15cm | |
| 225 | 2 | @a农村科技口袋书@ANong Cun Ke Ji Kou Dai Shu |
| 314 | @a主编:柯卫东, 王振忠, 董文 | |
| 330 | @a本书内容包括:水生蔬菜新品种、水生蔬菜轻简化栽培技术与新模式、病虫草害防治技术、保鲜加工技术等。 | |
| 333 | @a广大科技特派员、种养大户、专业合作社和农民等。 | |
| 410 | 0 | @12001 @a农村科技口袋书 |
| 606 | 0 | @a水生蔬菜@AShui Sheng Shu Cai@x栽培技术 |
| 690 | @aS645@v5 | |
| 701 | 0 | @a柯卫东@AKe Wei Dong@4主编 |
| 701 | 0 | @a王振忠@AWang Zhen Zhong@4主编 |
| 701 | 0 | @a董文@ADong Wen@4主编 |
| 712 | 02 | @a中国农村技术开发中心@AZhong Guo Nong Cun Ji Shu Kai Fa Zhong Xin@4编著 |
| 801 | 0 | @aCN@b江苏新华@c20150511 |
| 905 | @aBZT@dS645@e125 | |
| 水生蔬菜丰产新技术/中国农村技术开发中心编著.-北京:中国农业科学技术出版社,2015 |
| 248页:彩图;15cm.-(农村科技口袋书) |
| 使用对象:广大科技特派员、种养大户、专业合作社和农民等。 |
| ISBN 978-7-5116-2361-4:CNY9.80 |
| 本书内容包括:水生蔬菜新品种、水生蔬菜轻简化栽培技术与新模式、病虫草害防治技术、保鲜加工技术等。 |
| ● |
| 相关链接 |
|
|
|
正题名:水生蔬菜丰产新技术
索取号:S645/125
 
预约/预借
| 序号 | 登录号 | 条形码 | 馆藏地/架位号 | 状态 | 备注 |
| 1 | 800333 | 2000800333 | 第二书库/ [索取号:S645/125] | 在馆 | |
| 2 | 800334 | 2000800334 | 第二书库/ [索取号:S645/125] | 在馆 | |
| 3 | 800335 | 2000800335 | 第二书库/ [索取号:S645/125] | 在馆 |